Modern-Day Non-Muslim Countries of the Ottoman Empire - Statistics

General Stats
  • This quiz has been taken 52 times
  • The average score is 14 of 16
Answer Stats
Country % Correct
Serbia
98%
Croatia
96%
Greece
96%
North Macedonia
96%
Romania
94%
Ukraine
94%
Bulgaria
92%
Cyprus
92%
Georgia
92%
Russia
92%
Hungary
90%
Moldova
88%
Montenegro
88%
Israel
76%
Slovakia
76%
Eritrea
43%
No matching quizzes found
Score Distribution
Percent of People with Each Score
Percentile by Number Answered
Your Score History
You have not taken this quiz